000 00327nam a2200157Ia 4500
100 _aVazirani/Vijay V
650 _aAlgorithms
942 _cRB
366 _f25
654 _aapproximation
245 _aApproximation algorithms
260 _bSpringer
_c2003
082 _a5.133
_bVAZ
300 _a380
546 _aENGLISH
999 _c28533
_d28533